000 03097nam0a2200469 4500
001 RU\NLR\BIBL_A\011519234
005 20250630155243.0
020 _aRU
_b9460
_9Сводный каталог листовок первых лет Советской власти (25 октября (7 ноября) 1917 - 1925) Т.4 (Ч.2). Листовки советских, партийных, профсоюзных, комсомольских и других организаций губерний РСФСР
035 _a(NLR Aleph) 011519234
090 _a12088907
_c12088907
100 _a20171109d1922 |||y0rusy50 ca
101 0 _arus
102 _aRU
105 _ay z 000zy
135 _acrcn 024anaba
200 1 _aПостановление. "В целях санитарных и контрольных ..."
_e[о правилах убоя скота
_eлистовка
_fПензенский губ. исполнительный комитет Советов, Пензенский гор. исполнительный комитет Советов]
210 _aПенза
_cтип. Губсовнархоза N° 2
_d[1922]
215 _a1 с.
_d18х14
300 _aПодписи: предгорисполкома Трясогузов; зав. Коммунотделом Орлов; зав. Земельным п/отделом Плавский
325 _aКопия доступна в Электрон. б-ке РНБ
517 1 _aВ целях санитарных и контрольных ...
517 1 _aо правилах убоя скота
607 _aРСФСР
_jЛистовки
_xПолитика и управление
_y1917 - 1925
_92312782
_3RU\NLR\auth\6601609564
686 0 _aТ3(2)71-313,011
686 0 _aТ3(2Р-7П)713-31,011
702 1 _4720
_7ca
_8rus
_aТрясогузов
_bФ. А.
_cреволюц. деятель, Пенза
_gФёдор Алексеевич
_9191349
_3RU\NLR\AUTH\770191400
702 1 _4720
_7ca
_8rus
_aОрлов
_bН.
_cнач. отдела снабжения губисполкома, Пенза
_9190563
_3RU\NLR\AUTH\770190614
702 1 _4720
_7ca
_8rus
_aПлавский
_cслужащий зем. п/отдела горисполкома, Пенза
_9192061
_3RU\NLR\AUTH\770192112
711 0 2 _aПензенский городской исполнительный комитет Советов
_bПрезидиум
_9598366
_3RU\NLR\AUTH\880468174
712 0 2 _4570
_aПензенский губернский исполнительный комитет Советов
_9455379
_3RU\NLR\AUTH\880394632
852 0 0 _aNLR
_bФЛ
_j44/58
856 0 _uhttps://vivaldi.nlr.ru/ll700000851/view
856 1 _uhttps://vivaldi.nlr.ru/ll700000851/cover
856 2 _uhttps://vivaldi.nlr.ru/ll700000851/text
942 _cBOOK
980 _aNB
981 2 1 _a(21) Листовки
_b(21) Листовки 1922 года